000 00645cam a2200253 4500
008 090401t1986 xxu||||| |||| 00| 0 eng d
020 _a0421358203
035 _a(Sirsi) u3687
041 _aeng
050 _a306.313
100 _aWright, Christopher J
245 _aHousing improvement and repair
260 _aLondon
_bSweet and Maxwell
_c1986
300 _axiv,130p. ; 25cm.
350 _a15.75
650 _aHOME IMPROVEMENT GRANTS
650 _aHOUSING ACT 1985
650 _aIMPROVEMENT GRANTS
650 _aPRIVATE SECTOR HOUSING
650 _aREPAIRS
650 _aSLUM CLEARANCE
942 _n0
948 _c04/03/1997
999 _c85920
_d85920